000 00672nam a2200217 a 4500
005 20240610114648.0
008 240610t2015 enk||||| |||| 00| 0 eng d
020 _a9781292093222 :
040 _aAKMAL
082 0 4 _2658.407124 COT
090 0 0 _a658.407124
_bCOT
245 1 0 _aKey Management Development Models:
_b70+ tools for developing yourself and managing others /
_cDavid Cotton
260 0 0 _aHarlow, England :
_bPearson education,
_c2015
300 _a270 p. :
_bill. ;
_c22cm
500 _aIncludes reference
500 _aIncludes index
650 0 0 _aExecutive ability
_91222
650 0 0 _aManagement
_91462
650 0 0 _aSupervision
_99558
942 _2ddc
_cBOOK
999 _c4989
_d4989